[Event "Hull CC XXVIII anniversaire B"]
[Site "Gatineau CAN"]
[Date "2007.10.02"]
[Round "4"]
[White "Blouin, Francois"]
[Black "Lemieux, Richard"]
[Result "0-1"]
[WhiteElo "1532"]
[BlackElo "1544"]
[PlyCount "134"]
[GameId "2160767910579275"]
[EventDate "2007.09.11"]
[EventType "swiss"]
[EventRounds "5"]
[EventCountry "CAN"]
[SourceTitle "EXT 2022"]
[Source "ChessBase"]
[SourceDate "2021.10.06"]
[SourceVersion "1"]
[SourceVersionDate "2021.10.06"]
[SourceQuality "1"]

1. e4 c5 2. Nc3 Nc6 3. d3 d6 4. g3 g6 5. Bg2 Bg7 6. Be3 e5 7. Qd2 Nf6 8. Bh6 O-O 9. Bxg7 Kxg7 10. f4 Re8 11. Nge2 Nd4 12. h3 Bd7 13. O-O-O b5 14. Rdf1 b4 15. Nd1 Qa5 16. Nxd4 cxd4 17. Kb1 Rac8 18. b3 Rc6 19. Qc1 Rec8 20. Rf2 Nh5 21. fxe5 dxe5 22. Rg1 Ra6 23. Qb2 Rcc6 24. Bf3 Nf6 25. g4 Ne8 26. g5 Nc7 27. Bg4 Bxg4 28. hxg4 Nb5 29. Rgf1 Rc7 30. Rf6 Rac6 31. Rxc6 Rxc6 32. Rf2 Qc7 33. Qc1 a5 34. Re2 Qc8 35. Rg2 a4 36. bxa4 Na3+ 37. Kb2 Qa6 38. Kb3 Qxd3+ 39. cxd3 Rxc1 40. Nb2 Rc3+ 41. Kxb4 Nc2+ 42. Kb5 Ne3 43. Rg1 Rc2 44. Nc4 Rxa2 45. Nxe3 dxe3 46. Re1 e2 47. a5 Rb2+ 48. Ka6 h6 49. Ka7 f6 50. a6 fxg5 51. Ka8 h5 52. a7 h4 53. Rc1 Kf6 54. Rc6+ Ke7 55. Rc7+ Kd6 56. Rc1 Rc2 57. Rb1 Rb2 58. Rc1 h3 59. Ra1 h2 60. Rc1 Rd2 61. Kb7 Rb2+ 62. Ka8 h1=Q 63. Rxh1 Kc5 64. Rc1+ Kd4 65. Re1 Kxd3 66. Rxe2 Rxe2 67. Kb7 Rb2+ 0-1

[Event "Hull CC XXVIII anniversaire B"]
[Site "Gatineau CAN"]
[Date "2007.10.02"]
[Round "4"]
[White "Carrier, Simon"]
[Black "Sabourin, Yves"]
[Result "1-0"]
[WhiteElo "1076"]
[BlackElo "1432"]
[PlyCount "87"]
[GameId "2160767910579276"]
[EventDate "2007.09.11"]
[EventType "swiss"]
[EventRounds "5"]
[EventCountry "CAN"]
[SourceTitle "EXT 2022"]
[Source "ChessBase"]
[SourceDate "2021.10.06"]
[SourceVersion "1"]
[SourceVersionDate "2021.10.06"]
[SourceQuality "1"]

1. e4 e6 2. d4 d5 3. e5 c5 4. Nf3 Nc6 5. Bb5 a6 6. Bxc6+ bxc6 7. Be3 Qb6 8. b3 cxd4 9. Bxd4 Bc5 10. Nc3 Ne7 11. Na4 Qa5+ 12. c3 Bxd4 13. Nxd4 Bd7 14. b4 Qc7 15. Qe2 Ng6 16. Nf3 O-O 17. O-O a5 18. a3 Bc8 19. Nc5 axb4 20. cxb4 Bb7 21. Rfe1 Ra7 22. Qe3 Rfa8 23. a4 Nf8 24. Nd4 Nd7 25. Ndb3 Nxc5 26. Nxc5 Ba6 27. Qd4 Bc4 28. a5 Rb8 29. Reb1 Rb5 30. f4 Qe7 31. a6 g6 32. Nb7 Ra8 33. Nd6 c5 34. bxc5 Rxb1+ 35. Rxb1 Bxa6 36. c6 Qc7 37. Qb6 Ra7 38. Ne8 Qxb6+ 39. Rxb6 Kf8 40. Rb8 Ke7 41. Nf6 Bc8 42. Rxc8 Ra1+ 43. Kf2 Ra2+ 44. Kg3 1-0

[Event "Hull CC XXVIII anniversaire B"]
[Site "Gatineau CAN"]
[Date "2007.10.02"]
[Round "4"]
[White "Dupont, Claude"]
[Black "Levesque, Andre"]
[Result "1/2-1/2"]
[WhiteElo "1482"]
[BlackElo "1400"]
[PlyCount "121"]
[GameId "2160767910579277"]
[EventDate "2007.09.11"]
[EventType "swiss"]
[EventRounds "5"]
[EventCountry "CAN"]
[SourceTitle "EXT 2022"]
[Source "ChessBase"]
[SourceDate "2021.10.06"]
[SourceVersion "1"]
[SourceVersionDate "2021.10.06"]
[SourceQuality "1"]

1. e4 c5 2. Nc3 Nc6 3. Nf3 g6 4. b3 Bg7 5. Bb2 d6 6. Bc4 a6 7. a4 Nf6 8. Nd5 e6 9. Nxf6+ Bxf6 10. Bxf6 Qxf6 11. c3 O-O 12. O-O Bd7 13. d4 cxd4 14. cxd4 e5 15. dxe5 Nxe5 16. Nxe5 Qxe5 17. Qd5 Bc6 18. Qxe5 dxe5 19. f3 b5 20. axb5 Bxb5 21. Bxb5 axb5 22. Kf2 b4 23. Rfc1 Rfc8 24. Rxa8 Rxa8 25. Rc4 Rb8 26. g4 Kf8 27. h4 h6 28. g5 h5 29. Rc5 Rd8 30. Ke2 Ra8 31. Kd3 Rd8+ 32. Ke3 Rd1 33. Rb5 Rh1 34. Rxb4 Rxh4 35. Rb5 Kg7 36. Rxe5 Rh1 37. b4 Rb1 38. b5 h4 39. Kf2 Rb2+ 40. Kg1 h3 41. Rd5 Rg2+ 42. Kh1 Rg3 43. f4 Rf3 44. f5 gxf5 45. exf5 Rf2 46. b6 Rb2 47. Rd3 Rxb6 48. Rxh3 Rb5 49. Rf3 Rb4 50. Kg2 f6 51. gxf6+ Kxf6 52. Kg3 Re4 53. Rf4 Re8 54. Rf2 Rg8+ 55. Kf4 Rg5 56. Ke4 Rg4+ 57. Rf4 Rg1 58. Rf2 Re1+ 59. Kf4 Re5 60. Kg4 Re4+ 61. Kg3 1/2-1/2

[Event "Hull CC XXVIII anniversaire B"]
[Site "Gatineau CAN"]
[Date "2007.10.02"]
[Round "4"]
[White "Forget, David"]
[Black "Dallaire, Dominic"]
[Result "1/2-1/2"]
[WhiteElo "1876"]
[BlackElo "1860"]
[PlyCount "60"]
[GameId "2160767738660363"]
[EventDate "2007.09.11"]
[EventType "swiss"]
[EventRounds "5"]
[EventCountry "CAN"]

1. d4 Nf6 2. c4 g6 3. Nc3 Bg7 4. e4 d6 5. Nf3 O-O 6. Be2 c5 7. d5 Na6 8. O-O Nc7 9. Bf4 Bd7 10. Qd2 a6 11. a4 Nh5 12. Bh6 a5 13. Bxg7 Kxg7 14. Ng5 Nf6 15. f4 h6 16. Nf3 Na6 17. e5 Nh7 18. h3 Nb4 19. Nh4 Qc7 20. exd6 exd6 21. Nf3 $11 Rae8 22. Rae1 f5 23. Bd3 Nf6 24. Rxe8 Rxe8 25. Bb1 Qd8 26. Re1 Re7 27. b3 Qe8 28. Kf2 Rxe1 29. Qxe1 Qxe1+ 30. Nxe1 g5 $11 1/2-1/2

[Event "Hull CC XXVIII anniversaire B"]
[Site "Gatineau CAN"]
[Date "2007.10.02"]
[Round "4"]
[White "Kennedy, Phillip"]
[Black "Pilon, Robert"]
[Result "0-1"]
[WhiteElo "1409"]
[BlackElo "1607"]
[PlyCount "64"]
[GameId "2160767910579278"]
[EventDate "2007.09.11"]
[EventType "swiss"]
[EventRounds "5"]
[EventCountry "CAN"]

1. Nf3 d5 2. c4 d4 3. e3 dxe3 4. fxe3 c5 5. d4 cxd4 6. exd4 Nf6 7. Nc3 Bg4 8. Be2 e6 9. c5 Be7 10. Ne5 Bxe2 11. Nxe2 O-O 12. O-O Nbd7 13. Bf4 Nd5 14. Nxd7 Qxd7 15. Qd2 Rfd8 16. Bg3 Nf6 17. Be5 Ng4 18. Bg3 Bxc5 19. Qg5 Bxd4+ 20. Nxd4 Qxd4+ 21. Kh1 h6 22. Qe7 Rd7 23. Rad1 Qxd1 24. Qxf7+ Rxf7 25. Rxd1 Nf2+ 26. Bxf2 Rxf2 27. Kg1 Rxb2 28. a3 Rf8 29. Rf1 Rxf1+ 30. Kxf1 Ra2 31. h4 Rxa3 32. Kf2 Rd3 0-1

[Event "Hull CC XXVIII anniversaire B"]
[Site "Gatineau CAN"]
[Date "2007.10.02"]
[Round "4"]
[White "Labelle, Raymond"]
[Black "Laferriere, Bruno"]
[Result "0-1"]
[WhiteElo "1429"]
[BlackElo "1834"]
[PlyCount "88"]
[GameId "2160767910579279"]
[EventDate "2007.09.11"]
[EventType "swiss"]
[EventRounds "5"]
[EventCountry "CAN"]
[SourceTitle "EXT 2022"]
[Source "ChessBase"]
[SourceDate "2021.10.06"]
[SourceVersion "1"]
[SourceVersionDate "2021.10.06"]
[SourceQuality "1"]

1. e4 c5 2. Nf3 Nc6 3. d3 d6 4. Bg5 h6 5. Bh4 Qb6 6. Nc3 g5 7. Bg3 Qa5 8. Qd2 Bg7 9. Nd5 Qd8 10. c3 e6 11. Ne3 Nge7 12. d4 cxd4 13. cxd4 d5 14. e5 Qb6 15. Qc3 Bd7 16. a4 a5 17. Bb5 Rc8 18. Qd2 Nb4 19. Bxd7+ Kxd7 20. O-O Ng6 21. Rac1 Qa6 22. b3 Nd3 23. Rc3 Rxc3 24. Qxc3 Rc8 25. Qd2 Ngf4 26. Ne1 Bf8 27. Nxd3 Nxd3 28. Rd1 Nb4 29. Rc1 Rxc1+ 30. Qxc1 Qd3 31. Qd1 Qc3 32. Nf1 Nc2 33. Qd2 Qxd2 34. Nxd2 Nxd4 35. f3 Bb4 36. Bf2 Nc6 37. Be3 Nxe5 38. Bd4 Nc6 39. Bg7 Bxd2 40. Bxh6 Nd4 41. h4 f6 42. h5 Ke7 43. Bg7 Kf7 44. h6 Nxb3 0-1

[Event "Hull CC XXVIII anniversaire B"]
[Site "Gatineau CAN"]
[Date "2007.10.02"]
[Round "4"]
[White "Lacourse, Guy"]
[Black "Guimond, Michel"]
[Result "1/2-1/2"]
[WhiteElo "1607"]
[BlackElo "1816"]
[PlyCount "117"]
[GameId "2160767910579280"]
[EventDate "2007.09.11"]
[EventType "swiss"]
[EventRounds "5"]
[EventCountry "CAN"]
[SourceTitle "EXT 2022"]
[Source "ChessBase"]
[SourceDate "2021.10.06"]
[SourceVersion "1"]
[SourceVersionDate "2021.10.06"]
[SourceQuality "1"]

1. c4 e5 2. Nc3 d6 3. g3 g6 4. Bg2 Bg7 5. e4 Nh6 6. Nge2 O-O 7. d4 Nc6 8. d5 Ne7 9. f3 Bd7 10. Be3 f5 11. Qd2 Nf7 12. h4 h6 13. O-O-O c6 14. Kb1 cxd5 15. Nxd5 Be6 16. Nec3 Nxd5 17. Nxd5 Qd7 18. Bf1 Kh8 19. Bd3 Bxd5 20. cxd5 h5 21. Rc1 Kh7 22. Rc2 f4 23. gxf4 exf4 24. Bxf4 Ne5 25. Bxe5 Bxe5 26. Qg2 Rac8 27. Rhc1 Bf4 28. Rxc8 Rxc8 29. Rxc8 Qxc8 30. Bc2 Be5 31. f4 Bxf4 32. e5 Qg4 33. Qxg4 hxg4 34. e6 Kg7 35. Be4 Kf6 36. Kc2 Bg3 37. e7 Kxe7 38. Bxg6 Bxh4 39. Bf5 g3 40. Bh3 Kf6 41. Kd3 Ke5 42. Bg2 Kf4 43. Bh1 Bd8 44. Bg2 b5 45. b3 Bb6 46. Bh1 Bf2 47. Bg2 Ke5 48. a4 a6 49. axb5 axb5 50. Bh1 Kf6 51. Bg2 Ke7 52. Bh1 Kd7 53. Bg2 Kc7 54. Bh1 Kb6 55. Bg2 Kc5 56. Bh1 Kb4 57. Kc2 Kc5 58. Kd3 b4 59. Bg2 1/2-1/2

[Event "Hull CC XXVIII anniversaire B"]
[Site "Gatineau CAN"]
[Date "2007.10.02"]
[Round "4"]
[White "Ralchenko, Maxim"]
[Black "Thibault, Mario"]
[Result "0-1"]
[WhiteElo "1582"]
[BlackElo "1678"]
[PlyCount "50"]
[GameId "2160767910579283"]
[EventDate "2007.09.11"]
[EventType "swiss"]
[EventRounds "5"]
[EventCountry "CAN"]
[SourceTitle "EXT 2022"]
[Source "ChessBase"]
[SourceDate "2021.10.06"]
[SourceVersion "1"]
[SourceVersionDate "2021.10.06"]
[SourceQuality "1"]

1. b4 Nf6 2. Bb2 e6 3. a3 d5 4. e3 c5 5. bxc5 Bxc5 6. Nf3 Nbd7 7. c4 O-O 8. Qc2 b6 9. cxd5 exd5 10. Bd3 Bb7 11. Ng5 Ne4 12. Nxe4 dxe4 13. Bxe4 Bxe4 14. Qxe4 Re8 15. Qd3 Re6 16. Qe2 Rc8 17. Nc3 Ne5 18. Nd1 Nd3+ 19. Kf1 Rd6 20. Bc3 Qd7 21. f3 Re8 22. Nf2 Nxf2 23. Kxf2 Rd3 24. Rhc1 f5 25. Bd4 Rxd4 0-1

[Event "Hull CC XXVIII anniversaire B"]
[Site "Gatineau CAN"]
[Date "2007.10.02"]
[Round "4"]
[White "Sunatori, Evelyne"]
[Black "Berthiaume, Patrick"]
[Result "1-0"]
[WhiteElo "1105"]
[BlackElo "1037"]
[PlyCount "67"]
[GameId "2160767910579284"]
[EventDate "2007.09.11"]
[EventType "swiss"]
[EventRounds "5"]
[EventCountry "CAN"]
[SourceTitle "EXT 2022"]
[Source "ChessBase"]
[SourceDate "2021.10.06"]
[SourceVersion "1"]
[SourceVersionDate "2021.10.06"]
[SourceQuality "1"]

1. e4 e5 2. Nf3 Nc6 3. Bb5 a6 4. Ba4 Nf6 5. Nc3 b5 6. Bb3 Na5 7. Nxe5 Nxb3 8. cxb3 Qe7 9. d4 d6 10. Nc6 Qd7 11. d5 Bb7 12. Nb4 a5 13. Nc2 b4 14. Bg5 bxc3 15. Bxf6 gxf6 16. bxc3 Be7 17. Ne3 c6 18. O-O cxd5 19. exd5 Qc7 20. c4 Qd7 21. h3 Rg8 22. Qf3 a4 23. Rae1 axb3 24. axb3 Bc8 25. Kh2 Ra3 26. Qh5 Rh8 27. g4 Rxb3 28. Nf5 Qa4 29. Rxe7+ Kd8 30. Qxf7 Qa3 31. Ne3 Ba6 32. Qxf6 Bxc4 33. Ra7+ Kc8 34. Qxh8# 1-0

[Event "Hull CC XXVIII anniversaire B"]
[Site "Gatineau CAN"]
[Date "2007.10.09"]
[Round "5"]
[White "Arsenault, Yves"]
[Black "Lacourse, Guy"]
[Result "1-0"]
[WhiteElo "1411"]
[BlackElo "1607"]
[PlyCount "73"]
[GameId "2160767738660364"]
[EventDate "2007.09.11"]
[EventType "swiss"]
[EventRounds "5"]
[EventCountry "CAN"]

1. e4 c5 2. Nf3 d6 3. d4 cxd4 4. Nxd4 Nf6 5. Nc3 a6 6. Be2 e5 7. Nf3 Be7 8. Be3 (8. O-O O-O 9. a4 h6 10. b3 Be6 11. Bb2 Nbd7 (11... Nc6 12. h3 {1/2-1/2 Barua,D (2555)-King,D (2505)/Calcutta 1992/EXP 27 (46)} (12. Re1 {1/2-1/2 Pierrot Facundo (ARG) (2433)-Coelho Luis (BRA) (2378)/Buenos Aires (Argentina) 2003 (33)})) 12. Re1 Rc8 13. Nd2 Qa5 {1/2-1/2 Pierrot,F (2449)-Shulman,Y (2550)/Buenos Aires ARG 2005 (32)} (13... Qc7 {1-0 Olenin Nikolay (2409)-Loskutov Oleg (2409)/otb 2007 (44)})) 8... O-O 9. O-O b5 (9... Nc6 10. h3 Be6 11. Ng5 d5 12. exd5 Bxd5 13. a3 {0-1 Fruit 2.0-AnMon 5.50/Bruxelles 2005 (67)} (13. Rb1 {1/2-1/2 Zap!Chess Paderborn (2713)-Pro Deo 1.1 (2669)/Duisburg Bilguer.ctg 2006 (181)})) (9... h6 10. a4 Be6 11. Nd2 (11. Qd2 Nc6 (11... Nbd7 {1-0 Hiarcs 9-Gandalf 6.0/Bruxelles 2005 (59)})) 11... Qc7) 10. Nd5 (10. a4 b4 11. Nd5 Nbd7 12. Nh4 Nc5 13. Nxe7+ Qxe7 14. f3 Nh5 {0-1 Mori,R (1290)-Poblete,L (1247)/IECG 2002/Lutz (42)} (14... Rd8 {0-1 Mori,R (1204)-Clews,B (1392)/IECG 2003/Lutz (24)})) 10... Nxe4 11. Nb6 Bb7 12. Nxa8 Bxa8 13. Rc1 f5 14. c4 f4 15. Bd2 Qb6 16. cxb5 Kh8 17. bxa6 Nc5 18. b4 Ncxa6 19. Qb3 Qb7 20. Ne1 e4 21. f3 e3 22. Bc3 d5 23. Qb2 Bh4 24. Nd3 Qf7 25. Ne5 Qh5 26. Ng4 Qg5 27. Rc2 Nc7 28. Rfc1 Ne6 29. Be5 Bb7 30. a4 h5 31. Bxg7+ Nxg7 32. Ne5 Bf2+ 33. Kh1 Kg8 34. Rc7 Nf5 35. Bd3 Ng3+ 36. hxg3 fxg3 37. Bh7+ 1-0

[Event "Hull CC XXVIII anniversaire B"]
[Site "Gatineau CAN"]
[Date "2007.10.09"]
[Round "5"]
[White "Berthiaume, Patrick"]
[Black "Duret, Serge"]
[Result "1-0"]
[WhiteElo "1037"]
[BlackElo "1086"]
[PlyCount "87"]
[GameId "2160767910579285"]
[EventDate "2007.09.11"]
[EventType "swiss"]
[EventRounds "5"]
[EventCountry "CAN"]
[SourceTitle "EXT 2022"]
[Source "ChessBase"]
[SourceDate "2021.10.06"]
[SourceVersion "1"]
[SourceVersionDate "2021.10.06"]
[SourceQuality "1"]

1. e4 c5 2. Nc3 Nc6 3. Nf3 d6 4. Bc4 Nf6 5. O-O Bg4 6. h3 Bxf3 7. Qxf3 Ne5 8. Qe2 g6 9. Bb3 e6 10. f4 Nc6 11. d3 Nd4 12. Qe3 b5 13. Ne2 Nxe2+ 14. Qxe2 Bh6 15. c3 O-O 16. g4 Nd7 17. g5 Bg7 18. Be3 f6 19. Bxe6+ Kh8 20. Bb3 fxg5 21. fxg5 h6 22. gxh6 Be5 23. Rxf8+ Nxf8 24. Bd5 Rb8 25. d4 cxd4 26. cxd4 Bg3 27. Qg4 Qh4 28. Qxh4 Bxh4 29. Bf4 Rb6 30. Rc1 g5 31. Be3 Kh7 32. Rc8 Ng6 33. Rc7+ Kxh6 34. Rxa7 Nf4 35. Bxf4 gxf4 36. Ra3 Bg3 37. Rf3 Kh5 38. Kg2 b4 39. a3 bxa3 40. bxa3 Rb2+ 41. Kf1 Kh4 42. Be6 Rf2+ 43. Rxf2 Bxf2 44. Kxf2 1-0

[Event "Hull CC XXVIII anniversaire B"]
[Site "Gatineau CAN"]
[Date "2007.10.09"]
[Round "5"]
[White "Guimond, Michel"]
[Black "Lemieux, Richard"]
[Result "1-0"]
[WhiteElo "1816"]
[BlackElo "1544"]
[PlyCount "65"]
[GameId "2160767910579286"]
[EventDate "2007.09.11"]
[EventType "swiss"]
[EventRounds "5"]
[EventCountry "CAN"]
[SourceTitle "EXT 2022"]
[Source "ChessBase"]
[SourceDate "2021.10.06"]
[SourceVersion "1"]
[SourceVersionDate "2021.10.06"]
[SourceQuality "1"]

1. e4 e5 2. Bc4 Nf6 3. d4 Nxe4 4. dxe5 Bc5 5. Qd5 Qh4 6. Qxf7+ Kd8 7. g3 Bxf2+ 8. Qxf2 Nxf2 9. gxh4 Nxh1 10. Bd5 Nc6 11. Bxh1 Nxe5 12. Nc3 c6 13. Bg5+ Kc7 14. O-O-O d6 15. Ne4 d5 16. Bf4 dxe4 17. Bxe5+ Kb6 18. b4 Bf5 19. c4 Rad8 20. Bd6 a5 21. bxa5+ Ka6 22. c5 Rhe8 23. Re1 Re6 24. Ne2 Rh6 25. Nd4 Be6 26. Bxe4 Bxa2 27. Bd3+ Ka7 28. Nf5 Rg6 29. Re7 Be6 30. Kc2 Rd7 31. Re8 Bxf5 32. Bb8+ Ka8 33. Bc7+ 1-0

[Event "Hull CC XXVIII anniversaire B"]
[Site "Gatineau CAN"]
[Date "2007.10.09"]
[Round "5"]
[White "Labelle, Raymond"]
[Black "Berthiaume, Serge"]
[Result "1-0"]
[WhiteElo "1429"]
[BlackElo "1373"]
[PlyCount "99"]
[GameId "2160767910579287"]
[EventDate "2007.09.11"]
[EventType "swiss"]
[EventRounds "5"]
[EventCountry "CAN"]
[SourceTitle "EXT 2022"]
[Source "ChessBase"]
[SourceDate "2021.10.06"]
[SourceVersion "1"]
[SourceVersionDate "2021.10.06"]
[SourceQuality "1"]

1. e4 e5 2. Nf3 Nc6 3. Nc3 Nf6 4. d3 h6 5. Be3 Bb4 6. Bd2 d6 7. a3 Ba5 8. b4 Bb6 9. Na4 Be6 10. Nxb6 axb6 11. c4 O-O 12. Be2 Qd7 13. O-O Qe7 14. Nh4 Nd4 15. f4 Nxe2+ 16. Qxe2 Bg4 17. Qf2 Qd7 18. h3 Bh5 19. Qg3 Kh8 20. fxe5 dxe5 21. Bc3 Rfe8 22. Bxe5 Re6 23. Nf5 Bg6 24. Bxc7 Nh5 25. Qe3 Qxc7 26. Nh4 Bh7 27. Rac1 Qd8 28. Nf3 f5 29. Nd4 Re5 30. Nf3 f4 31. Qd2 Re7 32. Rf2 Ng3 33. Rc3 Rd7 34. Ne5 Nxe4 35. Qb2 Nxf2 36. Nxd7 Qxd7 37. Qxf2 Bg6 38. d4 Qf5 39. d5 Qe5 40. Rc1 Qg5 41. Rd1 f3 42. d6 Be4 43. d7 Rf8 44. Re1 Qe7 45. gxf3 Rxf3 46. Qxf3 Qg5+ 47. Qg4 Bg6 48. Qxg5 hxg5 49. Re8+ Bxe8 50. dxe8=Q+ 1-0

[Event "Hull CC XXVIII anniversaire B"]
[Site "Gatineau CAN"]
[Date "2007.10.09"]
[Round "5"]
[White "Levesque, Andre"]
[Black "Blouin, Francois"]
[Result "0-1"]
[WhiteElo "1400"]
[BlackElo "1532"]
[PlyCount "122"]
[GameId "2160767910579288"]
[EventDate "2007.09.11"]
[EventType "swiss"]
[EventRounds "5"]
[EventCountry "CAN"]
[SourceTitle "EXT 2022"]
[Source "ChessBase"]
[SourceDate "2021.10.06"]
[SourceVersion "1"]
[SourceVersionDate "2021.10.06"]
[SourceQuality "1"]

1. e4 e6 2. d4 d5 3. Nc3 Bb4 4. e5 c5 5. Nf3 Qc7 6. a3 Bxc3+ 7. bxc3 b6 8. Be2 Ba6 9. O-O Bxe2 10. Qxe2 Nc6 11. Be3 c4 12. Ng5 g6 13. f4 O-O-O 14. Bf2 h6 15. Nf3 Re8 16. h4 Nce7 17. g4 Nc6 18. h5 Nge7 19. Nh4 Rhg8 20. hxg6 fxg6 21. Kh1 g5 22. Ng2 gxf4 23. Nxf4 Nd8 24. Nh5 Rg6 25. Bh4 Ng8 26. Rf4 Nf7 27. Raf1 Ng5 28. Rf8 Rxf8 29. Rxf8+ Kb7 30. Qf1 Qe7 31. Rf4 Ka6 32. Nf6 Nxf6 33. exf6 Qf7 34. Rf2 Ne4 35. Rg2 Nxc3 36. g5 hxg5 37. Bxg5 Ne4 38. Bh4 Rxg2 39. Qxg2 Qe8 40. Kg1 Nd6 41. Qg3 Nf7 42. Qc7 Qg8+ 43. Kf2 Qg6 44. Qc8+ Ka5 45. Qxe6 Qxc2+ 46. Kf1 Qd3+ 47. Kg1 Qxd4+ 48. Bf2 Qd1+ 49. Be1+ Ka6 50. Qc8+ Kb5 51. Qd7+ Kc5 52. Qe7+ Kd4 53. Kf1 Qf3+ 54. Bf2+ Kd3 55. Qe6 Qd1+ 56. Kg2 d4 57. Qh3+ Kc2 58. Qh7+ Kb2 59. Qxf7 c3 60. Qe6 c2 61. f7 c1=Q 0-1

[Event "Hull CC XXVIII anniversaire B"]
[Site "Gatineau CAN"]
[Date "2007.10.09"]
[Round "5"]
[White "MacIsaac, Alexandre"]
[Black "Sunatori, Evelyne"]
[Result "0-1"]
[WhiteElo "1468"]
[BlackElo "1105"]
[PlyCount "143"]
[GameId "2160767910579289"]
[EventDate "2007.09.11"]
[EventType "swiss"]
[EventRounds "5"]
[EventCountry "CAN"]
[SourceTitle "EXT 2022"]
[Source "ChessBase"]
[SourceDate "2021.10.06"]
[SourceVersion "1"]
[SourceVersionDate "2021.10.06"]
[SourceQuality "1"]

1. e4 e5 2. Nf3 Nc6 3. Bc4 Nf6 4. Ng5 d5 5. exd5 Nxd5 6. Nxf7 Kxf7 7. Qf3+ Ke6 8. Nc3 Ncb4 9. Qg4+ Ke7 10. Qg5+ Nf6 11. Qxe5+ Kd7 12. Be6+ Ke8 13. Bxc8+ Qe7 14. Qxe7+ Bxe7 15. Bf5 Rf8 16. a3 Nc6 17. O-O g6 18. Bh3 h5 19. d3 Bc5 20. Re1+ Kd8 21. Bg5 Ne7 22. Bxf6 Rxf6 23. Ne4 Rc6 24. Nxc5 Rxc5 25. Re2 Ke8 26. Rae1 Kf8 27. Rxe7 Rxc2 28. g3 Rxb2 29. Rxc7 Re8 30. Rxe8+ Kxe8 31. Bd7+ Kd8 32. Rc3 Kxd7 33. h3 g5 34. Kg2 Ke6 35. Kf3 Kf5 36. Rc5+ Kg6 37. h4 gxh4 38. gxh4 Rd2 39. Ke3 Ra2 40. Ra5 a6 41. d4 Rc2 42. d5 Kf7 43. d6 Ke8 44. Rxh5 Kd7 45. Rh7+ Kxd6 46. Rxb7 Rc3+ 47. Kf4 Rxa3 48. h5 Rh3 49. Kg5 Ke6 50. Kg6 Rh2 51. h6 Rxf2 52. Rb8 Rh2 53. h7 Kd7 54. h8=Q Rxh8 55. Rxh8 Kc6 56. Rh5 Kb6 57. Rf5 a5 58. Kg5 a4 59. Kg4 a3 60. Rf3 a2 61. Ra3 a1=Q 62. Rxa1 Kb5 63. Rc1 Kb4 64. Kf5 Kb3 65. Ke4 Kb2 66. Rc8 Kb3 67. Kd4 Kb2 68. Kd3 Kb1 69. Kd2 Kb2 70. Rb8+ Ka3 71. Kc2 Ka2 72. Ra8# 0-1

[Event "Hull CC XXVIII anniversaire B"]
[Site "Gatineau CAN"]
[Date "2007.10.09"]
[Round "5"]
[White "Pilon, Robert"]
[Black "Maisonneuve, Paul"]
[Result "1-0"]
[WhiteElo "1607"]
[BlackElo "1468"]
[PlyCount "165"]
[GameId "2160767910579290"]
[EventDate "2007.09.11"]
[EventType "swiss"]
[EventRounds "5"]
[EventCountry "CAN"]
[SourceTitle "EXT 2022"]
[Source "ChessBase"]
[SourceDate "2021.10.06"]
[SourceVersion "1"]
[SourceVersionDate "2021.10.06"]
[SourceQuality "1"]

1. e4 d6 2. d4 Nf6 3. Bd3 g6 4. f4 Bg7 5. Nf3 O-O 6. O-O c5 7. c3 cxd4 8. cxd4 Nc6 9. Nc3 Bg4 10. Be3 a6 11. h3 Bxf3 12. Rxf3 Rc8 13. a3 e5 14. fxe5 dxe5 15. d5 Nd4 16. Rf2 Nd7 17. Rc1 b5 18. b4 Nb6 19. Ne2 Nc4 20. Bxc4 Rxc4 21. Rxc4 bxc4 22. Nxd4 exd4 23. Bxd4 Qc7 24. Bxg7 Kxg7 25. Qd4+ Kg8 26. Rc2 Rc8 27. d6 Qd7 28. e5 Qe6 29. Rc3 Kf8 30. a4 Qf5 31. d7 Rd8 32. Qc5+ Kg7 33. Rxc4 Rxd7 34. Rd4 Rb7 35. Qd6 Qb1+ 36. Kh2 Qf1 37. Qc6 Re7 38. Qd6 Rb7 39. e6 Qf6 40. exf7 Rxf7 41. Qxf6+ Rxf6 42. b5 axb5 43. axb5 Rb6 44. Rb4 Kf7 45. g4 Ke7 46. Kg3 Kd6 47. Kf4 Kc5 48. Rb3 h6 49. h4 Kd4 50. Rb4+ Kd5 51. Rb1 Rf6+ 52. Kg3 Rb6 53. Rd1+ Kc5 54. Rc1+ Kd5 55. Kf4 Rf6+ 56. Ke3 Re6+ 57. Kd3 Rb6 58. Rb1 Kc5 59. Ke4 Re6+ 60. Kf4 Rf6+ 61. Ke5 Rb6 62. Rc1+ Kb4 63. Rc6 Rxb5+ 64. Kf6 g5 65. h5 Rd5 66. Kg6 Kb5 67. Rf6 Rd4 68. Kxh6 Rxg4 69. Rf5+ Kc6 70. Rxg5 Rh4 71. Kg7 Rd4 72. Rf5 Rg4+ 73. Kf7 Rh4 74. Rf6+ Kd7 75. h6 Re4 76. Kg7 Rg4+ 77. Rg6 Re4 78. h7 Re7+ 79. Kh6 Re8 80. Rf6 Ke7 81. Kg7 Ra8 82. Rf1 Ra2 83. Rg1 1-0

[Event "Hull CC XXVIII anniversaire B"]
[Site "Gatineau CAN"]
[Date "2007.10.09"]
[Round "5"]
[White "Rainey, Ivan"]
[Black "Carrier, Simon"]
[Result "0-1"]
[WhiteElo "1251"]
[BlackElo "1075"]
[PlyCount "28"]
[GameId "2160767910579291"]
[EventDate "2007.09.11"]
[EventType "swiss"]
[EventRounds "5"]
[EventCountry "CAN"]
[SourceTitle "EXT 2022"]
[Source "ChessBase"]
[SourceDate "2021.10.06"]
[SourceVersion "1"]
[SourceVersionDate "2021.10.06"]
[SourceQuality "1"]

1. e4 g6 2. d4 Bg7 3. Nf3 Nc6 4. Bc4 e5 5. dxe5 Nxe5 6. Nxe5 Bxe5 7. f4 Bg7 8. O-O c6 9. Re1 Qb6+ 10. Be3 Qxb2 11. Nd2 a5 12. Bc5 Bd4+ 13. Bxd4 Qxd4+ 14. Re3 Qxe3+ 0-1

[Event "Hull CC XXVIII anniversaire B"]
[Site "Gatineau CAN"]
[Date "2007.10.09"]
[Round "5"]
[White "Sabourin, Yves"]
[Black "Kennedy, Phillip"]
[Result "1-0"]
[WhiteElo "1432"]
[BlackElo "1409"]
[PlyCount "123"]
[GameId "2160767910579292"]
[EventDate "2007.09.11"]
[EventType "swiss"]
[EventRounds "5"]
[EventCountry "CAN"]

1. d4 g6 2. e4 Bg7 3. Nf3 d6 4. Be2 Nf6 5. Nc3 O-O 6. O-O Nbd7 7. Be3 e5 8. d5 b6 9. Bg5 Bb7 10. Re1 c5 11. dxc6 Bxc6 12. Qxd6 Qc8 13. Qd3 Nc5 14. Qc4 Nfxe4 15. b4 Nxc3 16. bxc5 Nxe2+ 17. Rxe2 Bxf3 18. gxf3 e4 19. Rae1 exf3 20. Re4 Qxc5 21. Qxc5 bxc5 22. R1e3 Bd4 23. Rxf3 Rfe8 24. Rxe8+ Rxe8 25. Be3 Rb8 26. Bxd4 cxd4 27. Rb3 Rxb3 28. axb3 Kg7 29. Kf1 Kf6 30. Ke2 Ke5 31. Kd3 Kd5 32. f4 a5 33. c4+ dxc3 34. Kxc3 f5 35. Kd3 g5 36. fxg5 f4 37. h4 Ke5 38. Ke2 Kf5 39. Kf3 Ke5 40. h5 Kf5 41. g6 hxg6 42. h6 Kf6 43. Kxf4 g5+ 44. Kg4 Kg6 45. h7 Kxh7 46. Kxg5 Kg7 47. Kf5 Kf7 48. Ke5 Ke7 49. Kd5 Kd7 50. Kc5 Kc7 51. Kb5 Kb7 52. Kxa5 Ka7 53. Kb5 Kb7 54. b4 Ka7 55. Kc6 Ka8 56. Kb6 Kb8 57. b5 Ka8 58. Kc7 Ka7 59. b6+ Ka8 60. b7+ Ka7 61. b8=Q+ Ka6 62. Qb6# 1-0